[Event "Gulf-ch Amateur"]
[Site "Kuwait"]
[Date "2019.10.23"]
[Round "3"]
[White "Alfahad, Naser"]
[Black "Alazmi, Abdulrahman"]
[Result "1-0"]
[WhiteElo "1290"]
[BlackElo "1228"]
[PlyCount "49"]
[EventDate "2019.10.21"]
[EventType "swiss"]
[EventRounds "9"]
[EventCountry "KUW"]
[SourceTitle "CBM 195 Extra"]
[Source "ChessBase"]
[SourceDate "2020.05.31"]
[SourceVersion "1"]
[SourceVersionDate "2020.05.31"]
[SourceQuality "1"]

1. e4 e6 2. Nf3 Nc6 3. Nc3 Bb4 4. Ne2 Nge7 5. c3 Ba5 6. Ng3 d5 7. exd5 exd5 8. d4 Bg4 9. h3 Bxf3 10. Qxf3 Nxd4 11. Qd3 Nec6 12. b4 Bxb4 13. cxb4 Nxb4 14. Qe3+ Kd7 15. Kd1 Re8 16. Qxd4 Re1+ 17. Kd2 Qg5+ 18. Kc3 Rxc1+ 19. Rxc1 Qxc1+ 20. Kxb4 c5+ 21. Qxc5 a5+ 22. Kb5 Qb2+ 23. Ka4 Qxa2+ 24. Qa3 b5+ 25. Bxb5+ 1-0

[Event "KUW-ch sf"]
[Site "Kuwait"]
[Date "2018.11.23"]
[Round "7"]
[White "Alfahad, Naser"]
[Black "Alkandari, Adel"]
[Result "1-0"]
[WhiteElo "1435"]
[BlackElo "1151"]
[PlyCount "67"]
[EventDate "2018.11.16"]
[EventType "swiss"]
[EventRounds "9"]
[EventCountry "KUW"]
[SourceTitle "CBM 187 Extra"]
[Source "ChessBase"]
[SourceDate "2018.11.04"]
[SourceVersion "1"]
[SourceVersionDate "2018.11.04"]
[SourceQuality "1"]

1. e4 e5 2. Nf3 Nc6 3. Bc4 Bc5 4. d3 d6 5. 0-0 Nf6 6. Nbd2 0-0 7. h3 a6 8. c3 Na5 9. Bb3 Nxb3 10. axb3 Ba7 11. Re1 c5 12. Nc4 h6 13. Be3 Be6 14. Na5 Qd7 15. Nc4 Bxc4 16. dxc4 Bb8 17. Qd3 Bc7 18. Nh4 Nh7 19. Nf5 Rfd8 20. Bxh6 g6 21. Qg3 Kh8 22. h4 Rg8 23. Ne3 Bd8 24. f4 Nf6 25. fxe5 Nxe4 26. Qh2 f5 27. Nd5 Kh7 28. Qf4 g5 29. hxg5 Bxg5 30. Bxg5 Rxg5 31. Rxe4 Rxg2+ 32. Kxg2 Qg7+ 33. Kf2 fxe4 34. Nf6+ 1-0